Vzťah medzi štátom a cirkvou z pohľadu katolíckej cirkvi

Bibliographic Details
Main Author: Duda, Ján, 1960- (Author)
Format: Article
Language:Slovak
PhysicalDescription:Lit. 53 zázn. v slov., tal.
ISSN:0139-861X
Subjects:

MARC

LEADER 00000nab a2200000 a 4500
001 vtls000576431
003 SK-MaSNL
005 20260305014829.0
008 210903c1996 xo 0 slo
015 |a SNBRB19rr/mm-uuuuu 
035 |a CL0576569 
040 |a SNKBUCL  |b slo  |c SNKBUCL  |e AACR2 
041 0 |a slo 
044 |a xo  |c SK 
080 |a 261.7  |2 1981 
080 |a 322  |2 1981 
100 1 |a Duda, Ján,  |d 1960-  |4 aut  |9 215450 
245 1 0 |a Vzťah medzi štátom a cirkvou z pohľadu katolíckej cirkvi  |c Ján Duda 
300 |b Lit. 53 zázn. v slov., tal. 
610 2 7 |a Rímskokatolícka cirkev  |2 SNKKA  |9 32394 
650 0 7 |a štát  |2 snkbucl  |9 4689 
655 7 |a články z novín a časopisov  |2 snkbucl  |9 267496 
773 0 |t Duchovný pastier  |g Roč. 77, č. 2 (1996), s. 64-77  |x 0139-861X 
850 |a Slovenská národná knižnica v Martine  |a MTA001 
852 |a SNK  |b KIS3GCP 
958 |a RK 
992 |a RBX 
999 |c 3271621  |d 3273551